| 000 | 00511nam a22001937a 4500 | ||
|---|---|---|---|
| 003 | EMc | ||
| 005 | 20140310181740.0 | ||
| 008 | 130322t xxu||||| |||| 00| 0 eng d | ||
| 020 | _a0809125226 | ||
| 050 |
_aBV 287 _b.L758 1997 |
||
| 082 |
_aTR 242 _bL64 1997 |
||
| 245 |
_aPrayer course for healing life's hurts / _cMatthew Linn |
||
| 260 |
_aMakati City : _bSt. Pauls, _cc1997. |
||
| 300 |
_a378 p. _bill. _c21 cm. |
||
| 521 | _aFaculty | ||
| 541 | _j1 | ||
| 562 | _e1 | ||
| 942 |
_2lcc _cBK-TR _kTR |
||
| 999 |
_c2729 _d2729 |
||